[Event "Wch Juvenil 2013 sub-16 femenino"]
[Site "Al-Ain UAE"]
[Date "2013.12.18"]
[Round "1.32"]
[White "Ahmadova, Fatima"]
[Black "Virkud, Apurva"]
[Result "0-1"]
[WhiteElo "1634"]
[BlackElo "1969"]
[PlyCount "40"]
[EventDate "2013.12.19"]
[EventType "swiss"]
[EventRounds "11"]
[EventCountry "UAE"]
[Source "lmi"]
[SourceDate "2013.12.19"]

1. d4 d5 2. c4 e6 3. Nc3 Nf6 4. Nf3 Be7 5. e3 O-O 6. Bd3 Nbd7 7. c5 c6 8. b4
Qc7 9. Bb2 e5 10. dxe5 Nxe5 11. Be2 Nxf3+ 12. Bxf3 a5 13. a3 axb4 14. axb4 Rxa1
15. Bxa1 b6 16. Na4 bxc5 17. bxc5 Ba6 18. Bd4 Rb8 19. Be2 Qa5+ 20. Kf1 Qxa4 0-1

[Event "Wch Juvenil 2013 sub-16 femenino"]
[Site "Al-Ain UAE"]
[Date "2013.12.18"]
[Round "1.34"]
[White "Fisher, Michelle M"]
[Black "Franca, Veronika"]
[Result "0-1"]
[WhiteElo "1627"]
[BlackElo "1965"]
[PlyCount "130"]
[EventDate "2013.12.19"]
[EventType "swiss"]
[EventRounds "11"]
[EventCountry "UAE"]
[Source "lmi"]
[SourceDate "2013.12.19"]

1. e4 c5 2. Nc3 Nc6 3. f4 g6 4. Nf3 Bg7 5. Bc4 e6 6. d3 Nge7 7. O-O O-O 8. Qe1
d5 9. Bb3 Na5 10. exd5 exd5 11. Nxd5 Nxd5 12. Bxd5 Re8 13. Qd2 Qxd5 14. Qxa5
Re2 15. c3 b6 16. Qb5 Bd7 17. Qc4 Qxc4 18. dxc4 Be6 19. Rf2 Rxf2 20. Kxf2 Bxc4
21. Bd2 Re8 22. Be3 Rd8 23. g4 Be6 24. g5 f6 25. h4 fxg5 26. fxg5 Rf8 27. Kg3
Bd5 28. Nd2 Be5+ 29. Kh3 Re8 30. Re1 Bxa2 31. Bf4 Be6+ 32. Kg3 Bxf4+ 33. Kxf4
Rf8+ 34. Kg3 Bd5 35. c4 Bb7 36. Re7 Rf7 37. Re8+ Kg7 38. Ne4 Bxe4 39. Rxe4 h6
40. gxh6+ Kxh6 41. b3 Rd7 42. Re3 a6 43. Rf3 b5 44. cxb5 axb5 45. Rc3 Rd5 46.
Kg4 Rd4+ 47. Kg3 c4 48. bxc4 bxc4 49. Rc1 Kh5 50. Re1 Rxh4 51. Re8 Rd4 52. Re5+
g5 53. Rc5 Rd3+ 54. Kf2 c3 55. Ke2 Rh3 56. Rc8 g4 57. Rh8+ Kg5 58. Rg8+ Kf4 59.
Rf8+ Kg3 60. Kd3 Kg2+ 61. Kc2 Rf3 62. Rg8 g3 63. Re8 Kf2 64. Kd1 g2 65. Re2+
Kg3 0-1

[Event "Wch Juvenil 2013 sub-16 femenino"]
[Site "Al-Ain UAE"]
[Date "2013.12.18"]
[Round "1.35"]
[White "Beinenson, Katsiaryna"]
[Black "Jacobsen, Caroline Beer"]
[Result "1-0"]
[WhiteElo "1961"]
[BlackElo "1621"]
[PlyCount "65"]
[EventDate "2013.12.19"]
[EventType "swiss"]
[EventRounds "11"]
[EventCountry "UAE"]
[Source "lmi"]
[SourceDate "2013.12.19"]

1. e4 e5 2. Nf3 Nc6 3. d4 exd4 4. Bc4 Bc5 5. c3 Nf6 6. e5 d5 7. Bb5 Ne4 8. Nxd4
Bd7 9. Bxc6 bxc6 10. O-O O-O 11. f3 Ng5 12. Nd2 Ne6 13. N2b3 Bb6 14. Kh1 Nxd4
15. cxd4 Bf5 16. Be3 Re8 17. Rc1 Qd7 18. Qe2 a5 19. Nc5 Bxc5 20. Rxc5 Reb8 21.
g4 Bg6 22. Rfc1 Rb6 23. R1c3 a4 24. Bc1 Bb1 25. Ra3 Qc8 26. Qd1 Qa6 27. Kg2 Rb5
28. Rcc3 Rb4 29. b3 Qb6 30. Be3 Qa5 31. Qxb1 Qb5 32. Qd3 Qxd3 33. Rxd3 1-0

[Event "Wch Juvenil 2013 sub-16 femenino"]
[Site "Al-Ain UAE"]
[Date "2013.12.18"]
[Round "1.36"]
[White "Mendez Tovar, Rosario Trin"]
[Black "Serefidou, Despina"]
[Result "1-0"]
[WhiteElo "1612"]
[BlackElo "1958"]
[PlyCount "71"]
[EventDate "2013.12.19"]
[EventType "swiss"]
[EventRounds "11"]
[EventCountry "UAE"]
[Source "lmi"]
[SourceDate "2013.12.19"]

1. d4 Nf6 2. c4 e6 3. Nc3 Bb4 4. Qc2 O-O 5. Bg5 d5 6. e3 c6 7. Bd3 h6 8. Bh4
Nbd7 9. Nf3 Qa5 10. O-O dxc4 11. Bxc4 c5 12. Nb5 a6 13. a3 axb5 14. axb4 Qxa1
15. Rxa1 Rxa1+ 16. Bf1 c4 17. b3 cxb3 18. Qxb3 Nd5 19. e4 Nf4 20. Qb2 Ra6 21.
Bxb5 Rb6 22. Bc4 Rc6 23. Bb5 Rb6 24. Bc4 Rc6 25. Nd2 Re8 26. b5 Rc7 27. Qa3 Nb6
28. Qd6 Nxc4 29. Qxc7 Ne2+ 30. Kf1 Nxd2+ 31. Kxe2 Nxe4 32. f3 Ng5 33. Kd3 Nh7
34. Bd8 e5 35. Qxc8 Nf8 36. d5 1-0

[Event "Wch Juvenil 2013 sub-16 femenino"]
[Site "Al-Ain UAE"]
[Date "2013.12.18"]
[Round "1.38"]
[White "Solis Carbajal, Minueth Si"]
[Black "Rojikova, Lenka"]
[Result "0-1"]
[WhiteElo "1602"]
[BlackElo "1943"]
[PlyCount "78"]
[EventDate "2013.12.19"]
[EventType "swiss"]
[EventRounds "11"]
[EventCountry "UAE"]
[Source "lmi"]
[SourceDate "2013.12.19"]

1. e4 c5 2. Bc4 e6 3. Nc3 Nc6 4. f4 Nge7 5. Nf3 g6 6. d3 Bg7 7. O-O O-O 8. Bd2
d5 9. Bb3 Nd4 10. Rc1 b5 11. a3 a5 12. Kh1 a4 13. Ba2 b4 14. axb4 cxb4 15. Nxd4
Bxd4 16. Ne2 Bxb2 17. Rb1 Bg7 18. Bxb4 Re8 19. e5 Nf5 20. Qe1 Ne3 21. Rf3 Nxc2
22. Qc3 Nxb4 23. Rxb4 Bf8 24. Rb1 Qa5 25. Qxa5 Rxa5 26. Nd4 Bd7 27. Rf2 Bc5 28.
Rc2 Bxd4 29. Rc7 Bc8 30. Rb4 Be3 31. d4 Bxf4 32. Rb8 Be3 33. Rcxc8 Rxc8 34.
Rxc8+ Kg7 35. g4 Bxd4 36. h4 Bxe5 37. g5 Bg3 38. h5 gxh5 39. Rb8 Bxb8 0-1

[Event "Wch Juvenil 2013 sub-16 femenino"]
[Site "Al-Ain UAE"]
[Date "2013.12.18"]
[Round "1.40"]
[White "Mendoza, Shania Mae"]
[Black "Tursunova, Shakhnoza"]
[Result "1/2-1/2"]
[WhiteElo "1867"]
[BlackElo "1937"]
[PlyCount "86"]
[EventDate "2013.12.19"]
[EventType "swiss"]
[EventRounds "11"]
[EventCountry "UAE"]
[Source "lmi"]
[SourceDate "2013.12.19"]

1. e4 c5 2. Nf3 e6 3. d4 cxd4 4. Nxd4 a6 5. c4 Nf6 6. Nc3 Bb4 7. Bd3 Qc7 8. Bd2
O-O 9. O-O Nc6 10. Nxc6 dxc6 11. Qe2 e5 12. Rac1 Rd8 13. Bg5 Be7 14. h3 h6 15.
Be3 Nd7 16. Rfd1 Bc5 17. a3 a5 18. Bb1 b6 19. Bxc5 Nxc5 20. Rxd8+ Qxd8 21. Rd1
Qe7 22. Qd2 Be6 23. Qd6 Qxd6 24. Rxd6 Rc8 25. Ba2 Nb7 26. Rd2 Rd8 27. Rxd8+
Nxd8 28. Kf1 Kf8 29. Ke2 Ke7 30. Kd3 Nb7 31. b4 Kd7 32. Bb3 axb4 33. axb4 Nd6
34. Na4 Kc7 35. Nxb6 Kxb6 36. c5+ Kc7 37. cxd6+ Kxd6 38. Bxe6 Kxe6 39. Kc4 Kd7
40. Kc5 Kc7 41. h4 g6 42. g3 g5 43. hxg5 hxg5 1/2-1/2

[Event "Wch Juvenil 2013 sub-16 femenino"]
[Site "Al-Ain UAE"]
[Date "2013.12.18"]
[Round "1.41"]
[White "Machlik, Monika"]
[Black "Samudin, Elina"]
[Result "1-0"]
[WhiteElo "1936"]
[BlackElo "1564"]
[PlyCount "69"]
[EventDate "2013.12.19"]
[EventType "swiss"]
[EventRounds "11"]
[EventCountry "UAE"]
[Source "lmi"]
[SourceDate "2013.12.19"]

1. d4 d5 2. c4 e6 3. Nc3 Nf6 4. cxd5 exd5 5. Bg5 c6 6. e3 Be7 7. Qc2 Nbd7 8.
Bd3 O-O 9. Nf3 Re8 10. O-O Nf8 11. h3 Ng6 12. Rab1 Ne4 13. Bxe7 Qxe7 14. b4 Nh4
15. Nxh4 Qxh4 16. Nxe4 dxe4 17. Bc4 Qg5 18. Kh2 Bd7 19. a4 Rac8 20. Qa2 Be6 21.
Rfc1 Rcd8 22. b5 Bxc4 23. Rxc4 Re6 24. bxc6 Rg6 25. g3 bxc6 26. Rb7 Rh6 27. Rc5
Qg6 28. Rxa7 Rc8 29. Rb7 Qf6 30. Qe2 Qe6 31. Rh5 Rxh5 32. Qxh5 Qa2 33. Kg2 g6
34. Qg4 f5 35. Qh4 1-0

[Event "Wch Juvenil 2013 sub-16 femenino"]
[Site "Al-Ain UAE"]
[Date "2013.12.18"]
[Round "1.42"]
[White "Ait Abbas, Nesrine"]
[Black "Menzi, Nezihe Ezgi"]
[Result "0-1"]
[WhiteElo "1444"]
[BlackElo "1925"]
[PlyCount "100"]
[EventDate "2013.12.19"]
[EventType "swiss"]
[EventRounds "11"]
[EventCountry "UAE"]
[Source "lmi"]
[SourceDate "2013.12.19"]

1. c4 Nf6 2. Nc3 g6 3. g3 Bg7 4. Bg2 O-O 5. Nf3 d6 6. d4 Nbd7 7. O-O e5 8. e3
Nh5 9. b4 f5 10. Bb2 e4 11. Nd2 c5 12. bxc5 dxc5 13. Nd5 Nb6 14. Nxb6 axb6 15.
Nb3 Be6 16. Qc2 cxd4 17. Bxd4 Rc8 18. c5 bxc5 19. Bxg7 Nxg7 20. Rfd1 Qe7 21.
Bf1 h5 22. Bc4 h4 23. a4 Qf7 24. Bxe6 Nxe6 25. Rab1 b6 26. Qc4 Ng5 27. Qxf7+
Rxf7 28. Rd6 Nf3+ 29. Kg2 h3+ 30. Kh1 c4 31. Nc1 Ne5 32. Rbxb6 c3 33. Kg1 c2
34. Kh1 Nd3 35. Rxg6+ Kf8 36. Rgc6 Rxc6 37. Rxc6 Nxc1 38. Rxc2 Nb3 39. Rb2 Rc7
40. Rb1 Rc4 41. a5 Nxa5 42. Kg1 Nb3 43. Rd1 Rc1 44. Rxc1 Nxc1 45. Kf1 Ke7 46.
Ke1 Kf6 47. Kd2 Nd3 48. Ke2 Ne5 49. f4 exf3+ 50. Kf2 Ng4+ 0-1

[Event "Wch Juvenil 2013 sub-16 femenino"]
[Site "Al-Ain UAE"]
[Date "2013.12.18"]
[Round "1.44"]
[White "Gamage, Yasasmi Umarusiru"]
[Black "Harutyunyan, Ani"]
[Result "0-1"]
[WhiteElo "1435"]
[BlackElo "1916"]
[PlyCount "106"]
[EventDate "2013.12.19"]
[EventType "swiss"]
[EventRounds "11"]
[EventCountry "UAE"]
[Source "lmi"]
[SourceDate "2013.12.19"]

1. e4 e5 2. Nf3 Nc6 3. Bb5 Nf6 4. d3 Bc5 5. O-O d6 6. c3 a6 7. Ba4 Ba7 8. Re1
O-O 9. h3 Ne7 10. Nbd2 Ng6 11. Nf1 Nh5 12. Bc2 Nhf4 13. d4 Qf6 14. Ng3 Nh4 15.
Bxf4 Qxf4 16. Nxh4 Qxh4 17. Qd3 Qf6 18. Rad1 Bd7 19. Re3 Bb5 20. c4 Bc6 21. Rf3
Qd8 22. d5 Bd7 23. Nf5 Bxf5 24. Rxf5 Qd7 25. Qg3 f6 26. Rd3 g6 27. Rff3 Qg7 28.
Qh4 g5 29. Qh5 Bd4 30. b3 h6 31. Rg3 Kh7 32. h4 Qg6 33. Qf3 Kg7 34. Qg4 b6 35.
h5 Qe8 36. Rdf3 Rb8 37. Bd3 Qd8 38. Rf5 b5 39. Qe2 a5 40. Qc2 Ra8 41. Be2 c6
42. Bg4 Qb6 43. Bd1 Rac8 44. Rff3 Rfe8 45. Rg4 Qb7 46. Kh2 Qf7 47. Rh3 cxd5 48.
exd5 f5 49. Rf3 e4 50. Rh3 fxg4 51. Bxg4 Qxf2 52. Qxf2 Bxf2 53. Bxc8 Rxc8 0-1

[Event "Wch Juvenil 2013 sub-16 femenino"]
[Site "Al-Ain UAE"]
[Date "2013.12.18"]
[Round "1.45"]
[White "Chetina, Elizaveta"]
[Black "Mira, Sarhan"]
[Result "1-0"]
[WhiteElo "1904"]
[BlackElo "1312"]
[PlyCount "105"]
[EventDate "2013.12.19"]
[EventType "swiss"]
[EventRounds "11"]
[EventCountry "UAE"]
[Source "lmi"]
[SourceDate "2013.12.19"]

1. e4 d5 2. exd5 Qxd5 3. Nc3 Qa5 4. d4 Nf6 5. Bc4 c6 6. Nf3 Bf5 7. Bd2 Qc7 8.
h3 e6 9. Nh4 Bg6 10. Nxg6 hxg6 11. Qf3 Nbd7 12. Bf4 Qb6 13. O-O-O Be7 14. g4
Nd5 15. Bg3 Qb4 16. Nxd5 cxd5 17. Bb3 Bd6 18. a3 Qb6 19. Ba4 Rd8 20. h4 Bxg3
21. Qxg3 Qa6 22. Bxd7+ Kxd7 23. Qf4 Rdf8 24. Rd3 Qd6 25. Qd2 Rc8 26. Rdh3 Qc6
27. Qd3 Qc4 28. Qxc4 Rxc4 29. c3 Rcc8 30. h5 gxh5 31. Rxh5 Rxh5 32. Rxh5 Ke7
33. Kd2 Kf6 34. f4 g6 35. Rh7 Ke7 36. Kd3 b5 37. Ke3 Rg8 38. g5 Kf8 39. Kd3 Rg7
40. Rh8+ Rg8 41. Rxg8+ Kxg8 42. b3 Kg7 43. a4 a6 44. axb5 axb5 45. c4 bxc4+ 46.
bxc4 dxc4+ 47. Kxc4 f6 48. Kc5 Kf8 49. Kd6 Kf7 50. Kd7 f5 51. Kd6 e5 52. dxe5
Ke8 53. Ke6 1-0

[Event "Wch Juvenil 2013 sub-16 femenino"]
[Site "Al-Ain UAE"]
[Date "2013.12.18"]
[Round "1.46"]
[White "Terubea, Cydel"]
[Black "Dong, Alice"]
[Result "0-1"]
[WhiteElo "1262"]
[BlackElo "1903"]
[PlyCount "52"]
[EventDate "2013.12.19"]
[EventType "swiss"]
[EventRounds "11"]
[EventCountry "UAE"]
[Source "lmi"]
[SourceDate "2013.12.19"]

1. e4 c5 2. Nf3 Nc6 3. d4 cxd4 4. Nxd4 e6 5. Nxc6 bxc6 6. Be2 Nf6 7. Nc3 Bb4 8.
Bf3 d5 9. Bg5 h6 10. Bxf6 Qxf6 11. Qd2 d4 12. O-O dxc3 13. Qe3 Qe5 14. b3 O-O
15. Rad1 Ba6 16. Rfe1 Bc5 17. Qc1 Rad8 18. a3 Bd4 19. a4 Qc5 20. Rxd4 Rxd4 21.
Qe3 e5 22. g3 Rfd8 23. Kg2 Qa5 24. Qc1 Rd2 25. h3 Qc5 26. Qxd2 Rxd2 0-1

[Event "Wch Juvenil 2013 sub-16 femenino"]
[Site "Al-Ain UAE"]
[Date "2013.12.18"]
[Round "1.47"]
[White "Aay, Aisyah Anisa"]
[Black "Karania, Saloni"]
[Result "1-0"]
[WhiteElo "1900"]
[BlackElo "1210"]
[PlyCount "99"]
[EventDate "2013.12.19"]
[EventType "swiss"]
[EventRounds "11"]
[EventCountry "UAE"]
[Source "lmi"]
[SourceDate "2013.12.19"]

1. e4 b6 2. d4 Bb7 3. Nc3 e6 4. a3 c5 5. d5 exd5 6. exd5 d6 7. Nf3 Nf6 8. Bb5+
Nbd7 9. O-O Be7 10. Re1 O-O 11. a4 Re8 12. Qd3 a6 13. Bc4 Bf8 14. Bg5 h6 15.
Rxe8 Qxe8 16. Re1 Qd8 17. Bh4 g5 18. Bg3 Nh5 19. Qf5 Nxg3 20. fxg3 Bc8 21. Ne4
Bg7 22. Nxd6 Nf6 23. Nxc8 Qxc8 24. Qxc8+ Rxc8 25. d6 Bf8 26. Ne5 Bxd6 27. Nxf7
Bf8 28. Nd6+ Kg7 29. Nxc8 b5 30. axb5 axb5 31. Bxb5 Ng4 32. Bc4 Kg6 33. Re6+
Kf5 34. Re8 Bg7 35. Be6+ Kg6 36. Bxg4 Bd4+ 37. Kf1 h5 38. Ne7+ Kh6 39. Nf5+ Kg6
40. Nxd4 cxd4 41. Be6 Kf6 42. b4 Ke5 43. Bf7+ Kf6 44. Bxh5 Kg7 45. b5 Kh6 46.
g4 Kg7 47. b6 Kf6 48. b7 d3 49. b8=Q dxc2 50. Qe5# 1-0

[Event "Wch Juvenil 2013 sub-16 femenino"]
[Site "Al-Ain UAE"]
[Date "2013.12.18"]
[Round "1.49"]
[White "Drogovoz, Maria"]
[Black "Bermudez Veliz, Josselyn"]
[Result "1-0"]
[WhiteElo "1898"]
[PlyCount "55"]
[EventDate "2013.12.19"]
[EventType "swiss"]
[EventRounds "11"]
[EventCountry "UAE"]
[Source "lmi"]
[SourceDate "2013.12.19"]
[BlackElo "1679"]

1. e4 c5 2. Ne2 Nc6 3. Nbc3 g6 4. d4 cxd4 5. Nxd4 Bg7 6. Be3 Nf6 7. f3 O-O 8.
Qd2 d5 9. Nxc6 bxc6 10. O-O-O Bb7 11. e5 Nd7 12. f4 Nb6 13. Kb1 Qc7 14. Bc5
Rfd8 15. h4 Bf8 16. h5 e6 17. Bxf8 Rxf8 18. g4 a6 19. Qh2 c5 20. hxg6 fxg6 21.
Bd3 Qf7 22. f5 exf5 23. gxf5 gxf5 24. e6 Qe7 25. Rdg1+ Kh8 26. Qe5+ Rf6 27.
Rxh7+ Kxh7 28. Qh2+ 1-0

[Event "Wch Juvenil 2013 sub-16 femenino"]
[Site "Al-Ain UAE"]
[Date "2013.12.19"]
[Round "2.1"]
[White "Fuskova, Martina"]
[Black "Khademalsharieh, Sarasadat"]
[Result "0-1"]
[WhiteElo "1969"]
[BlackElo "2298"]
[PlyCount "92"]
[EventDate "2013.12.19"]
[EventType "swiss"]
[EventRounds "11"]
[EventCountry "UAE"]
[Source "lmi"]
[SourceDate "2013.12.19"]

1. e4 e5 2. Nf3 Nc6 3. Bc4 Bc5 4. O-O d6 5. c3 Nf6 6. d4 Bb6 7. Re1 Bg4 8. Bd5
exd4 9. Bxc6+ bxc6 10. cxd4 O-O 11. Nc3 Bxf3 12. gxf3 Nh5 13. Be3 f5 14. Kh1
Qh4 15. Rg1 f4 16. Rg4 Qf6 17. e5 dxe5 18. dxe5 Qxe5 19. Bxb6 axb6 20. Qg1 Rae8
21. Rd1 Qf5 22. Ne4 Re7 23. Qg2 Nf6 24. Rg5 Qe6 25. Rg1 Qd7 26. Nc3 Rfe8 27. h4
Kh8 28. Kh2 Re1 29. a4 Rxg1 30. Qxg1 h6 31. Rg2 Qf7 32. Qc1 Nd7 33. Rg4 Ne5 34.
Rxf4 Qh5 35. Qe3 Rd8 36. Kg3 Qg6+ 37. Kh2 Nd3 38. Rg4 Qd6+ 39. Kg2 Nxb2 40. Ne4
Qd4 41. Qf4 Qd7 42. Qe5 Nd3 43. Qc3 Qf7 44. Kg3 c5 45. a5 Nb4 46. Rf4 Qxf4+ 0-1

[Event "Wch Juvenil 2013 sub-16 femenino"]
[Site "Al-Ain UAE"]
[Date "2013.12.19"]
[Round "2.2"]
[White "Styazhkina, Anna"]
[Black "Beinenson, Katsiaryna"]
[Result "1-0"]
[WhiteElo "2241"]
[BlackElo "1961"]
[PlyCount "59"]
[EventDate "2013.12.19"]
[EventType "swiss"]
[EventRounds "11"]
[EventCountry "UAE"]
[Source "lmi"]
[SourceDate "2013.12.19"]

1. e4 c5 2. Nf3 Nc6 3. d4 cxd4 4. Nxd4 Nf6 5. Nc3 e5 6. Ndb5 d6 7. Bg5 a6 8.
Na3 b5 9. Nd5 Be7 10. Bxf6 Bxf6 11. c3 Bg5 12. Nc2 O-O 13. a4 bxa4 14. Rxa4 a5
15. Bc4 Rb8 16. b3 Kh8 17. h4 Bh6 18. Nce3 g6 19. h5 Kg7 20. Bd3 Be6 21. Bc2
Qg5 22. Qe2 Bd7 23. g3 f5 24. hxg6 f4 25. Nf5+ Bxf5 26. exf5 hxg6 27. f6+ Kh7
28. Rh5 f3 29. Rxg5 fxe2 30. Rxg6 1-0

[Event "Wch Juvenil 2013 sub-16 femenino"]
[Site "Al-Ain UAE"]
[Date "2013.12.19"]
[Round "2.3"]
[White "Franca, Veronika"]
[Black "Nicolas Zapata, Irene"]
[Result "0-1"]
[WhiteElo "1965"]
[BlackElo "2237"]
[PlyCount "69"]
[EventDate "2013.12.19"]
[EventType "swiss"]
[EventRounds "11"]
[EventCountry "UAE"]
[Source "lmi"]
[SourceDate "2013.12.19"]

1. d4 Nf6 2. c4 e6 3. Nc3 Bb4 4. e3 O-O 5. Bd3 d5 6. Nf3 c5 7. O-O Nc6 8. a3
Bxc3 9. bxc3 Na5 10. Nd2 dxc4 11. Nxc4 Nxc4 12. Bxc4 Qc7 13. Qe2 e5 14. Bb2 Bg4
15. f3 Bh5 16. e4 Rad8 17. Rfd1 Bg6 18. Rac1 Nd7 19. Qf2 Nb6 20. Bd5 c4 21.
dxe5 Nxd5 22. exd5 Qxe5 23. Qxa7 Rxd5 24. Rxd5 Qxd5 25. a4 h5 26. Qd4 Qc6 27.
a5 Re8 28. Qb6 Qd5 29. h3 Re2 30. Rf1 Qd2 31. Rf2 Qe1+ 32. Rf1 Qg3 33. Rf2 Re6
34. Qc5 Bd3 35. Qd4 0-1

[Event "Wch Juvenil 2013 sub-16 femenino"]
[Site "Al-Ain UAE"]
[Date "2013.12.19"]
[Round "2.4"]
[White "Osmak, Iulija"]
[Black "Xiang, Ellen"]
[Result "1-0"]
[WhiteElo "2212"]
[BlackElo "1954"]
[PlyCount "105"]
[EventDate "2013.12.19"]
[EventType "swiss"]
[EventRounds "11"]
[EventCountry "UAE"]
[Source "lmi"]
[SourceDate "2013.12.19"]

1. e4 c5 2. c3 d6 3. d4 Nf6 4. Bd3 Nc6 5. Nf3 e5 6. dxe5 dxe5 7. O-O Be7 8. Qe2
O-O 9. Rd1 Qc7 10. Bg5 Na5 11. Bxf6 Bxf6 12. Nbd2 a6 13. Bc4 Nxc4 14. Nxc4 Be6
15. Ne3 c4 16. Nd5 Qc5 17. Rd2 b5 18. h3 h6 19. Rad1 Bg5 20. Nxg5 hxg5 21. Qh5
f6 22. Qg6 Kh8 23. Kh2 Qa7 24. Nb4 Qc7 25. Rd6 Qf7 26. Qxf7 Bxf7 27. Nxa6 Bg6
28. f3 Kh7 29. R1d5 f5 30. exf5 Rxf5 31. Rxb5 Rf6 32. Rbb6 Rxd6 33. Rxd6 e4 34.
fxe4 Bxe4 35. Nb4 Rf8 36. Kg1 g4 37. Rd4 Rf4 38. g3 Rf3 39. Rxe4 Rxg3+ 40. Kf2
Rxh3 41. Rxg4 Rh2+ 42. Rg2 Rh1 43. Ke3 Rd1 44. Nc6 Rd5 45. Ke4 Rc5 46. Ne5 Kh6
47. Kd4 Ra5 48. a3 Ra7 49. Nxc4 g5 50. b4 Kh5 51. b5 g4 52. b6 Rd7+ 53. Kc5 1-0

[Event "Wch Juvenil 2013 sub-16 femenino"]
[Site "Al-Ain UAE"]
[Date "2013.12.19"]
[Round "2.5"]
[White "Rojikova, Lenka"]
[Black "Monnisha, Gk"]
[Result "1/2-1/2"]
[WhiteElo "1943"]
[BlackElo "2180"]
[PlyCount "49"]
[EventDate "2013.12.19"]
[EventType "swiss"]
[EventRounds "11"]
[EventCountry "UAE"]
[Source "lmi"]
[SourceDate "2013.12.19"]

1. e4 e5 2. f4 exf4 3. Nf3 d5 4. exd5 Nf6 5. Bb5+ c6 6. dxc6 Nxc6 7. d4 Qa5+ 8.
Nc3 Bb4 9. Qe2+ Be6 10. Bd2 O-O 11. Bxc6 bxc6 12. O-O Bxc3 13. Bxc3 Qb6 14. b3
Nd5 15. Bd2 Bg4 16. Qd3 Bh5 17. Ne5 Rfe8 18. Rae1 f6 19. Nd7 Qc7 20. Nc5 Bg6
21. Qc4 Bf7 22. Qd3 Bg6 23. Qc4 Bf7 24. Qd3 Bg6 25. Qc4 1/2-1/2

[Event "Wch Juvenil 2013 sub-16 femenino"]
[Site "Al-Ain UAE"]
[Date "2013.12.19"]
[Round "2.7"]
[White "Paramzina, Anastasya"]
[Black "Machlik, Monika"]
[Result "1-0"]
[WhiteElo "2111"]
[BlackElo "1936"]
[PlyCount "63"]
[EventDate "2013.12.19"]
[EventType "swiss"]
[EventRounds "11"]
[EventCountry "UAE"]
[Source "lmi"]
[SourceDate "2013.12.19"]

1. e4 Nf6 2. e5 Nd5 3. c4 Nb6 4. d4 d6 5. exd6 exd6 6. Nc3 Nc6 7. Be3 Be7 8.
Bd3 O-O 9. Nge2 Nb4 10. O-O Nxd3 11. Qxd3 Bf6 12. b3 Re8 13. a4 a5 14. Rae1 Nd7
15. Ng3 Nb8 16. Nd5 Be6 17. Nxf6+ Qxf6 18. d5 Bd7 19. Bd4 Qd8 20. Nf5 Rxe1 21.
Rxe1 Qg5 22. Nxg7 Na6 23. Re3 Nc5 24. Qe2 Qg6 25. h4 Qb1+ 26. Kh2 Nxb3 27. Bb2
Nc5 28. Nh5 Kf8 29. Bg7+ Kg8 30. Rg3 Qg6 31. Rxg6 hxg6 32. Bd4 1-0

[Event "Wch Juvenil 2013 sub-16 femenino"]
[Site "Al-Ain UAE"]
[Date "2013.12.19"]
[Round "2.8"]
[White "Menzi, Nezihe Ezgi"]
[Black "Mahalakshmi, M."]
[Result "0-1"]
[WhiteElo "1925"]
[BlackElo "2110"]
[PlyCount "66"]
[EventDate "2013.12.19"]
[EventType "swiss"]
[EventRounds "11"]
[EventCountry "UAE"]
[Source "lmi"]
[SourceDate "2013.12.19"]

1. e4 c6 2. d4 d5 3. Nc3 dxe4 4. Nxe4 Bf5 5. Ng3 Bg6 6. h4 h6 7. Nf3 Nd7 8. h5
Bh7 9. Bd3 Bxd3 10. Qxd3 e6 11. Bd2 Ngf6 12. O-O-O Be7 13. Qe2 c5 14. Nf1 Qc7
15. g4 Nd5 16. g5 c4 17. c3 hxg5 18. Bxg5 Bxg5+ 19. Nxg5 Nf4 20. Qf3 Nf6 21.
Ne3 N4d5 22. Rhe1 O-O-O 23. Ng4 Rxh5 24. Re5 Rhh8 25. Ne4 Nxg4 26. Qxg4 f5 27.
Qg2 fxe4 28. Qxe4 Qf7 29. Qe2 Rh2 30. Qxc4+ Kb8 31. Rd2 Rxf2 32. Rxf2 Qxf2 33.
Rxe6 Qf4+ 0-1

[Event "Wch Juvenil 2013 sub-16 femenino"]
[Site "Al-Ain UAE"]
[Date "2013.12.19"]
[Round "2.11"]
[White "Wozniak, Mariola"]
[Black "Chetina, Elizaveta"]
[Result "1-0"]
[WhiteElo "2079"]
[BlackElo "1904"]
[PlyCount "65"]
[EventDate "2013.12.19"]
[EventType "swiss"]
[EventRounds "11"]
[EventCountry "UAE"]
[Source "lmi"]
[SourceDate "2013.12.19"]

1. e4 e5 2. Nf3 Nc6 3. Bb5 a6 4. Ba4 Nf6 5. O-O b5 6. Bb3 Bc5 7. c3 d6 8. d4
Bb6 9. h3 O-O 10. Re1 h6 11. Be3 exd4 12. cxd4 Na5 13. Bc2 Bb7 14. Nbd2 Re8 15.
d5 c6 16. dxc6 Nxc6 17. a3 d5 18. Bxb6 Qxb6 19. exd5 Nxd5 20. Ne4 Rad8 21. Qd3
Re6 22. Rad1 Rg6 23. Neg5 hxg5 24. Qxd5 Nd4 25. Qxd4 Rxd4 26. Re8+ Kh7 27. Rxd4
Bc6 28. Nxg5+ Kh6 29. Rh4+ Kxg5 30. Rg4+ Kf6 31. Rf4+ Kg5 32. Re5+ f5 33.
Rexf5+ 1-0

[Event "Wch Juvenil 2013 sub-16 femenino"]
[Site "Al-Ain UAE"]
[Date "2013.12.19"]
[Round "2.12"]
[White "Haussernot, Cecile"]
[Black "Aay, Aisyah Anisa"]
[Result "1-0"]
[WhiteElo "2062"]
[BlackElo "1900"]
[PlyCount "63"]
[EventDate "2013.12.19"]
[EventType "swiss"]
[EventRounds "11"]
[EventCountry "UAE"]
[Source "lmi"]
[SourceDate "2013.12.19"]

1. e4 c5 2. Nc3 e6 3. Nf3 d5 4. exd5 exd5 5. d4 Be6 6. Bb5+ Nc6 7. O-O Bd6 8.
Re1 Nge7 9. Be3 cxd4 10. Nxd4 O-O 11. Qd2 Qc7 12. h3 Ng6 13. Rad1 Nh4 14. Nxe6
fxe6 15. Bg5 Bf4 16. Bxf4 Rxf4 17. Rxe6 Qf7 18. Rxc6 Rf8 19. Nxd5 Rxf2 20. Nf6+
gxf6 21. Qxf2 bxc6 22. Bxc6 Qh5 23. Rd7 Qg5 24. Rd4 Ng6 25. h4 Qc1+ 26. Kh2
Qxb2 27. h5 Qb8+ 28. g3 Ne5 29. Bd5+ Kh8 30. Qf5 Qb5 31. Be4 Qe2+ 32. Kh3 1-0

[Event "Wch Juvenil 2013 sub-16 femenino"]
[Site "Al-Ain UAE"]
[Date "2013.12.19"]
[Round "2.13"]
[White "Dong, Alice"]
[Black "Velikic, Adela"]
[Result "0-1"]
[WhiteElo "1903"]
[BlackElo "2055"]
[PlyCount "98"]
[EventDate "2013.12.19"]
[EventType "swiss"]
[EventRounds "11"]
[EventCountry "UAE"]
[Source "lmi"]
[SourceDate "2013.12.19"]

1. e4 c5 2. Nf3 d6 3. d4 cxd4 4. Nxd4 Nf6 5. Nc3 Nc6 6. h3 g6 7. Be3 Bg7 8. Bc4
O-O 9. Bb3 Qa5 10. O-O Bd7 11. Qd3 Rac8 12. Rad1 Ne5 13. Qe2 b5 14. Nd5 Nxd5
15. Bxd5 Nc4 16. Bg5 Nxb2 17. Rd2 Nc4 18. Rdd1 Qb6 19. Nf3 Rfe8 20. Nd2 Nxd2
21. Qxd2 Bc6 22. Bb3 Qc7 23. Qf4 e6 24. Rfe1 Be5 25. Qe3 a5 26. a3 a4 27. Ba2
Ba8 28. Bb1 Qc5 29. f4 Bc3 30. Re2 Qxe3+ 31. Rxe3 d5 32. e5 d4 33. Re2 Bd5 34.
Bh4 Bc4 35. Re4 Bd5 36. Re2 Ba8 37. Kf1 Rc7 38. Be1 Rec8 39. Ba2 Bxe1 40. Kxe1
Rc3 41. Rd3 Rxd3 42. cxd3 Rc6 43. Rb2 Rc3 44. Rxb5 Bxg2 45. Bc4 Bxh3 46. Rb8+
Kg7 47. Rd8 Rxa3 48. Rxd4 Ra1+ 49. Kf2 a3 0-1

[Event "Wch Juvenil 2013 sub-16 femenino"]
[Site "Al-Ain UAE"]
[Date "2013.12.19"]
[Round "2.15"]
[White "Malassagne, Isabelle"]
[Black "Gomez Camacho, Micaela"]
[Result "1-0"]
[WhiteElo "2043"]
[BlackElo "1898"]
[PlyCount "65"]
[EventDate "2013.12.19"]
[EventType "swiss"]
[EventRounds "11"]
[EventCountry "UAE"]
[Source "lmi"]
[SourceDate "2013.12.19"]

1. d4 Nf6 2. c4 e6 3. g3 Bb4+ 4. Bd2 c5 5. Bxb4 cxb4 6. Bg2 O-O 7. e4 d6 8. Ne2
e5 9. a3 bxa3 10. Rxa3 Nc6 11. O-O Re8 12. Nbc3 Bg4 13. f3 exd4 14. Nd5 Be6 15.
Nxd4 Ne5 16. Nxf6+ Qxf6 17. b3 Qd8 18. f4 Nc6 19. Nxc6 bxc6 20. Kh1 Qb6 21. f5
Bc8 22. Qxd6 Bb7 23. f6 Re6 24. Qd1 Rxf6 25. Rxf6 gxf6 26. Qg4+ Kh8 27. Qh5 Qd4
28. Ra5 Rd8 29. Rf5 c5 30. Qxf7 Bxe4 31. Rxf6 Bxg2+ 32. Kxg2 Qe4+ 33. Kh3 1-0